000 00818nam a2200229Ia 4500
001 9862
003 GE_BSU
008 181216s||||||||xx |||||||||||||| ||und||
040 _cGE_BSU
080 _a821.353.1-1
100 _aნონეშვილი,იოსებ
245 _aმხოლოდ ლირიკა
245 _bრჩეული ლირიკული ლექსები
245 _cრედ:დ.ივარდავა; მხატვ:გ.ღლონტი
260 _aთბილისი
260 _bსაბჭ.საქართველო
260 _c1973
300 _a302გვ;17სმ.
300 _b1ფ.პორტრ.
653 _aმხოლოდ ლირიკა;რჩეული ლირიკული ლექსები
942 _cBK
999 _c43141
_d43141